00485 a2200097 4500001001000000005001700010008004100027245017300068100002600241773012000267ART_2345720260410161918.0260409a 10aExteriorización de acciones de inclusión laboral de jóvenes a través de indicadores de desempeño social y conclusiones de relevamientos empíricos efectuados1 aPiacquadío, Cecilia0 tDocumentos de trabajo de contabilidad, auditoría y responsabilidad socialg- Año 3, Nº 6 (dic. 2013)wREV14385